Top 10 Golf Club Brands - Statistics

General Stats
  • This quiz has been taken 57 times
  • The average score is 6 of 10
Answer Stats
Hint Answer % Correct
3 Callaway
96%
2 TaylorMade
94%
1 Titleist
86%
5 Mizuno
69%
4 PING
67%
7 Srixon
61%
6 Cobra
57%
9 Wilson
49%
8 Cleveland
33%
10 PXG
24%
No matching quizzes found
Score Distribution
Percent of People with Each Score
Percentile by Number Answered
Your Score History
You have not taken this quiz